Statistics for Musical Fives

Click here to take the quiz!

General Stats

  • This quiz has been taken 1,970 times
  • The average score is 23 of 45

Answer Stats

Answer % Correct
Michael
92%
Posh
82%
France
81%
Beethoven
80%
The Beatles
80%
Germany
80%
United Kingdom
76%
Mozart
76%
Flute
76%
Sporty
76%
Spain
75%
The
74%
Ginger
74%
Baby
74%
Scary
74%
Backstreet Boys
73%
Italy
72%
'N Sync
71%
Bach
70%
Clarinet
68%
Is
64%
Real
63%
This
63%
Life
61%
Oboe
60%
Tito
57%
Jermaine
51%
New Kids on the Block
45%
The Sound of Music
45%
Bassoon
36%
Led Zeppelin
32%
West Side Story
28%
Boyz II Men
26%
Queen
25%
Pink Floyd
23%
AC/DC
21%
Singin' in the Rain
19%
The Wizard of Oz
19%
Marlon
19%
French Horn
17%
Jackie
14%
Schubert
10%
Cabaret
7%
Debussy
3%
All-4-One
2%

Score Distribution

Percentile by Number Answered

Percent of People with Each Score

Your Score History

You have not taken this quiz